NRW nach Buchstaben - I - Statistiken

Allgemein
  • Dieses Quiz wurde 37 mal gespielt
  • Das Durchschnittsergebnis liegt bei 4 aus 14
Antwortstatistiken
HInweis Antwort % Korrekt
Größte Stadt des Sauerlands mit Eishockeyteam Roosters Iserlohn
94%
Nach einem Anwerbeabkommen 1955 kamen Tausende Menschen aus diesem Land nach NRW und prägten die Kultur Italien
91%
Stadt im Tecklenburger Land, in der früher Steinkohle gefördert wurde Ibbenbüren
59%
Nationaltorhüter, der von 1978 bis 1986 für den BVB zwischen den Pfosten stand Eike Immel
44%
Stadt am Niederrhein, in der Diebels-Alt gebraut wird Issum
32%
Fluss welcher bei Raesfeld quellt und durch Hamminkeln in die Niederlanden fließt und in die IJssel mündet Issel
24%
Erste Heilige Westfalens, die zur Zeit Karls des Großen eine Kirche in Herzfeld (LIppetal) stiftete Ida von Herzfeld
18%
Burgruine über der Ruhrschleife in Hattingen Isenburg
18%
Ehemaliger Energiekonzern mit Sitz in Essen, der 2020 von E-On geschluckt wurde Innogy
15%
Stadtquartier in Duisburg mit Küppersmühle, Landesarchiv und Marina Innenhafen
12%
Ortsteil von Selfkant mit dem westlichsten Punkt Deutschlands Isenbruch
9%
Stadtteil im Süden Düsseldorfs an gleichnamigen Bach Itter
9%
Kölner Schokoladenfabrikant (Stollwerck) und Gründer des Schokoladenmuseums Hans Imhoff
6%
Allgemeiner Begriff für die Umnutzung von Zechen, Fabriken etc. in Museen und Veranstaltungshallen Industriekultur
6%
Keine übereinstimmenden Quizze gefunden
Verteilung der Resultate
Anzahl Personen mit jedem Resultat
Perzentil nach korrekt beantworteten Fragen
Ihre Resultats-Entwicklung
Sie haben dieses Quiz noch nicht gespielt